Christian integrity / (Record no. 8969)

MARC details
000 -LEADER
fixed length control field 00878nam a2200253Ii 4500
001 - CONTROL NUMBER
control field 13242373
003 - CONTROL NUMBER IDENTIFIER
control field GBCCL
005 - DATE AND TIME OF LATEST TRANSACTION
control field 20241126110702.0
008 - FIXED-LENGTH DATA ELEMENTS--GENERAL INFORMATION
fixed length control field 860305s1984 txua b 000 0 eng d
035 ## - SYSTEM CONTROL NUMBER
System control number 29528
040 ## - CATALOGING SOURCE
Original cataloging agency ICW
Language of cataloging eng
Description conventions rda
Transcribing agency ICW
Modifying agency STU
082 ## - DEWEY DECIMAL CLASSIFICATION NUMBER
Classification number 248
Item number THI
090 ## - LOCALLY ASSIGNED LC-TYPE CALL NUMBER (OCLC); LOCAL CALL NUMBER (RLIN)
Classification number (OCLC) (R) ; Classification number, CALL (RLIN) (NR) BV4501.2
Local cutter number (OCLC) ; Book number/undivided call number, CALL (RLIN) .T47
100 1# - MAIN ENTRY--PERSONAL NAME
Personal name Thieme, R. B.,
Titles and words associated with a name Jr.
Fuller form of name (Robert Bunger),
Dates associated with a name 1918-2009.
Authority record control number or standard number http://id.loc.gov/authorities/names/n82154235
9 (RLIN) 15693
245 10 - TITLE STATEMENT
Title Christian integrity /
Statement of responsibility, etc. R.B. Thieme, Jr.
264 #1 - PRODUCTION, PUBLICATION, DISTRIBUTION, MANUFACTURE, AND COPYRIGHT NOTICE
Place of production, publication, distribution, manufacture Houston :
Name of producer, publisher, distributor, manufacturer R.B. Thieme, Jr. Bible Ministries,
Date of production, publication, distribution, manufacture, or copyright notice 1984.
300 ## - PHYSICAL DESCRIPTION
Extent xi, 203 pages :
Other physical details illustrations ;
Dimensions 19 cm
336 ## - CONTENT TYPE
Content type term text
Content type code txt
Source rdacontent
337 ## - MEDIA TYPE
Media type term unmediated
Media type code n
Source rdamedia
338 ## - CARRIER TYPE
Carrier type term volume
Carrier type code nc
Source rdacarrier
504 ## - BIBLIOGRAPHY, ETC. NOTE
Bibliography, etc. note Includes bibliographical references.
650 #0 - SUBJECT ADDED ENTRY--TOPICAL TERM
Topical term or geographic name entry element Christian life.
Authority record control number or standard number http://id.loc.gov/authorities/subjects/sh85025095
9 (RLIN) 183
942 ## - ADDED ENTRY ELEMENTS (KOHA)
Source of classification or shelving scheme Dewey Decimal Classification
Koha item type Books
Koha issues (borrowed), all copies 1
Holdings
Withdrawn status Lost status Source of classification or shelving scheme Damaged status Not for loan Home library Current Library Shelving location Date acquired Total checkouts Full call number Barcode Date last seen Date last checked out Copy number Price effective from Koha item type
    Dewey Decimal Classification     GRACE BIBLE COLLEGE GRACE BIBLE COLLEGE Ministry & Mission 2022-02-09 1 248 THI 005219 2025-05-01 2023-09-21 c.1 2022-02-09 Books
© Grace Bible College Library 2025